000 00451nam a22001817a 4500
003 MPLRDC
005 20220104171707.0
008 210129b ||||| |||| 00| 0 eng d
020 _a978-0-7535-1149-7
082 _a177.2 BRA
100 _aRICHARD BRANDON
245 _aSCREW IT, LET'S DO IT EXPANDED
_c
250 _a1ST ED.
260 _aENGLAND
_bVIRGIN BOOKS LTD
_c2007
300 _bPAPERBACK
650 _aSUCCESS
942 _cBK
_o177.2 BRA
999 _c58583
_d58573